Same Start and End Letter A-Z #1 - Statistics

General Stats
  • This quiz has been taken 44 times
  • The average score is 11 of 23
Answer Stats
Letter Hint Answer % Correct
O Herb often put on pizza Oregano
93%
X Company whose name became a generic term for "to make a copy of" Xerox
90%
U Pakistani language Urdu
88%
E To run away and wed in secret Elope
79%
G Oriental percussion instrument Gong
69%
R Also known as caribou Reindeer
67%
D AC/DC can do a dirty one of these for dirt cheap Deed
60%
B "Upside-down" trees of Madagascar Baobab
57%
H Floor of a fireplace Hearth
57%
N Vanilla, chocolate, and strawberry ice cream Neapolitan
55%
P Traffic accident involving many cars Pileup
55%
K Small display used to provide information Kiosk
48%
W Onomatopoeia for a sigh of relief Whew
43%
Y This is history, according to Eleanor Roosevelt Yesterday
43%
A Vegetable also known as rocket Arugula
31%
T One who uses violence to progress a political ideology Terrorist
29%
M Small community representative of a larger community Microcosm
19%
S North American tree once used as a flavoring agent Sassafras
19%
C Medical adjective meaning long-lasting, or slang for marijuana Chronic
17%
F A scuffle, brawl, or skirmish Fisticuff
14%
L Lazy or without spirit Lackadaisical
14%
Q Extremely northern palindromic town in Greenland Qaanaaq
10%
I The plural form of what Teddy Roosevelt famously "took" Isthmi
5%
No matching quizzes found
Score Distribution
Percent of People with Each Score
Percentile by Number Answered
Your Score History
You have not taken this quiz